Geology and ground-water resources of the Missoula Basin, Montana, (Record no. 30104)

MARC details
000 -LEADER
fixed length control field 01342cam a22003131 4500
001 - CONTROL NUMBER
control field gs 65000361
003 - CONTROL NUMBER IDENTIFIER
control field DLC
005 - DATE AND TIME OF LATEST TRANSACTION
control field 20260227111417.0
008 - FIXED-LENGTH DATA ELEMENTS--GENERAL INFORMATION
fixed length control field 740923s1965 xx 000 0 eng
010 ## - LIBRARY OF CONGRESS CONTROL NUMBER
LC control number gs 65000361
035 ## - SYSTEM CONTROL NUMBER
System control number (OCoLC)1018089
040 ## - CATALOGING SOURCE
Original cataloging agency DLC
Transcribing agency NRU
Modifying agency OCoLC
-- DLC
042 ## - AUTHENTICATION CODE
Authentication code premarc
050 00 - LIBRARY OF CONGRESS CALL NUMBER
Classification number GB1025.M9
Item number M3
100 1# - MAIN ENTRY--PERSONAL NAME
Personal name McMurtrey, R. G.
245 10 - TITLE STATEMENT
Title Geology and ground-water resources of the Missoula Basin, Montana,
Statement of responsibility, etc. by R. G. McMurtrey, R. L. Konizeski and Alex Brietkrietz.
260 ## - PUBLICATION, DISTRIBUTION, ETC.
Place of publication, distribution, etc. Butte,
Name of publisher, distributor, etc. Montana College of Mineral Science and Technology,
Date of publication, distribution, etc. 1965.
300 ## - PHYSICAL DESCRIPTION
Extent iv, 35 p.
Other physical details illus., maps (3 fold. in pocket)
Dimensions 28 cm.
490 1# - SERIES STATEMENT
Series statement Montana. Bureau of Mines and Geology. Bulletin 47
500 ## - GENERAL NOTE
General note "Prepared by the U. S. Geological Survey, Water Resources Division, under a cooperative agreement with the Montana Bureau of Mines and Geology."
504 ## - BIBLIOGRAPHY, ETC. NOTE
Bibliography, etc. note Bibliography: p. 34-35.
650 #0 - SUBJECT ADDED ENTRY--TOPICAL TERM
Topical term or geographic name entry element Geology
Geographic subdivision Montana
-- Missoula Basin.
650 #0 - SUBJECT ADDED ENTRY--TOPICAL TERM
Topical term or geographic name entry element Groundwater
Geographic subdivision Montana
-- Missoula Basin.
650 #0 - SUBJECT ADDED ENTRY--TOPICAL TERM
Topical term or geographic name entry element Water-supply
Geographic subdivision Montana
-- Missoula Basin.
700 1# - ADDED ENTRY--PERSONAL NAME
Personal name Konizeski, Richard L.,
Dates associated with a name 1917-
Relator term joint author.
700 1# - ADDED ENTRY--PERSONAL NAME
Personal name Brietkrietz, Alex,
Dates associated with a name 1929- ,
Relator term joint author.
710 2# - ADDED ENTRY--CORPORATE NAME
Corporate name or jurisdiction name as entry element Geological Survey (U.S.).
Subordinate unit Water Resources Division.
810 2# - SERIES ADDED ENTRY--CORPORATE NAME
Corporate name or jurisdiction name as entry element Montana Bureau of Mines and Geology.
Title of a work Bulletin ;
Volume/sequential designation 47.

No items available.

Powered by Koha